Αξιολόγηση Επενδύσεων και Χρηματοδοτήσεις και Χρηματιστηριακές Αγορές / Ειδικά Θέματα Χρηματοδότησης και Ανάλυση Χαρτοφυλάκιου και Αγορά Συναλλάγματος και Χρηματοδοτική Μίσθωση κ.τ.λ.: Τομος Γ' (Record no. 4053)
[ view plain ]
| 000 -LEADER | |
|---|---|
| fixed length control field | 02050cam a22001934a 4500 |
| 005 - ΗΜΕΡΟΜΗΝΙΑ ΚΑΙ ΩΡΑ ΤΕΛΕΥΤΑΙΑΣ ΕΝΗΜΕΡΩΣΗΣ | |
| Πεδίο ελέγχου | 20250605163421.0 |
| 008 - FIXED-LENGTH DATA ELEMENTS--GENERAL INFORMATION | |
| Πεδίο ελέγχου σταθερού μήκους | 250528s ||||||||||||||||||||||||d |
| 035 ## - SYSTEM CONTROL NUMBER | |
| System control number | 18733 |
| 020 ## - ISBN | |
| ISBN | 9602551631 |
| 040 ## - ΠΗΓΗ ΚΑΤΑΛΟΓΟΓΡΑΦΗΣΗΣ | |
| Φορέας πρωτότυπης καταλογογράφησης | MC Athens Campus Library |
| Γλώσσα καταλογογράφησης | Ελληνικά, Μοντέρνα (1453-) |
| Modifying agency | MC Athens Campus Library |
| Κανόνες περιγραφικής καταλογογράφησης | AACR2 |
| 245 1# - ΤΙΤΛΟΣ ΚΑΙ ΔΗΛΩΣΗ ΥΠΕΥΘΥΝΟΤΗΤΑΣ | |
| Τίτλος | Αξιολόγηση Επενδύσεων και Χρηματοδοτήσεις και Χρηματιστηριακές Αγορές / Ειδικά Θέματα Χρηματοδότησης και Ανάλυση Χαρτοφυλάκιου και Αγορά Συναλλάγματος και Χρηματοδοτική Μίσθωση κ.τ.λ.: Τομος Γ' |
| 260 ## - PUBLICATION, DISTRIBUTION, ETC. | |
| Name of publisher, distributor, etc. | Το Οικονομικο, |
| Date of publication, distribution, etc. | 1995 |
| 300 ## - PHYSICAL DESCRIPTION | |
| Extent | 328 |
| 520 ## - SUMMARY, ETC. | |
| Summary, etc. | Ανάλυση Χαρτοφυλάκιου, Το Υπόδειγμα Αποτίμησης Περουσιακών Στοιχείων, Εκτίμηση του Υποδείγματος της Αγοράς, Προσδιορισμός της Ελάχιστης Απαιτούμενης Απόδοσης στα Πλαίσια των Αρχών του Χαρτοφυλάκιου, Αξιολόγηση των Αποδόσεων των Εταιρειών Επενδύσεων Χαρτοφυλάκιου, Προβλήματα στην Εκτίμηση του Συστηματικού Κινδύνου, Ειδικά Θέματα Χρηματοδότησης, Αγορά Χρήματος, Αγορά Συναλλάγματος, Εξαγορές Εταιριών, Τραπεζικά Δάνεια, Δανειοδότηση της Βιοτεχνίας από το Ειδικό Κεφάλαιο για τη Βιοτεχνία, Χρηματοδότηση από Εταιρείες Επιχειρηματικού Κεφάλαιο, Χρηματοδοτική Μίσθωση, Εταιρείες Επενδύσεων Χαρτοφυλάκιου, Η Παράλληλη Αγορά στην Ελλάδα, Επενδυτικά Κίνητρα, Case Studies. |
| 700 1# - ΠΡΟΣΘΕΤΗ ΑΝΑΓΡΑΦΗ--ΦΥΣΙΚΟ ΠΡΟΣΩΠΟ | |
| Personal name | Καραθανασης Γεωργιος Α |
| 942 ## - ADDED ENTRY ELEMENTS (KOHA) | |
| Koha item type | Books |
| Τύπος τεκμηρίου | Βιβλιοθήκη | Τρέχουσα τοποθεσία | Barcode | Αριθμός εισαγωγής | Ημερομηνία απόκτησης | Ταξιθετικό σύμβολο | Αριθμός αντιτύπου | Κατάσταση απόσυρσης | Κατάσταση χαμένου | Κατάσταση κατεστραμμένου | Μη δανεισμός | Σύνολο δανεισμών | Ημερομηνία τελευταίας εμφάνισης | Η τιμή ισχύει από |
|---|---|---|---|---|---|---|---|---|---|---|---|---|---|---|
| Books | MC Athens Campus Library | MC Athens Campus Library | 9780000040527 | 3642 | 05/06/2025 | 332.632 KAR V.C | 1 | 05/06/2025 | 05/06/2025 |